| 000 | 00565nam a22001817a 4500 | ||
|---|---|---|---|
| 999 |
_c193745 _d193745 |
||
| 005 | 20230317171311.0 | ||
| 010 | _aENG-135683 | ||
| 020 | _c300.00 | ||
| 035 | _aEN-119215 | ||
| 037 | _bDBAD/PUB | ||
| 082 | _a320.95431 | ||
| 100 | _aR. Krishnasamy | ||
| 245 |
_aCompassionate ground appointment scheme/ _cBy R. Krishnasamy |
||
| 260 |
_aSivakasi West _bR.K.Publications _c2016 |
||
| 270 |
_aNo.2/789-A6, Sri Sastha Mani illam, Laxmi Nagar, Reserve Line _bNew Delhi _e626124 |
||
| 300 |
_a187p. _c22cm(pbk) |
||
| 942 |
_2ddc _cEN _mKRI _h320.95431 |
||